000 00517nam a22001817a 4500
005 20251108174530.0
008 250721s2001 xx 000 0 ara d
082 1 4 _aط/595.7/موس
100 1 _aموسى، حسن
245 1 0 _aهكذا تفعل الحشرات /
264 1 _aطرابلس :
_bجروس برس،
_c2001.
300 _a12ص.
650 1 7 _aالحشرات
653 _aاطفال مرحله متوسطه (6-9)سنوات
700 1 _aحميد، ختام
942 _2ddc
_cBK
999 _c111553
_d111553